Auge y caída del anarquismo : argentina 1880-1930 /
Guardado en:
| Autor Principal: | |
|---|---|
| Formato: | Libro |
| Publicado: |
Buenos Aires :
Capital Intelectual,
2009
|
| Series: | Claves de la historia, No. 2
|
| Materias: | |
| Etiquetas: |
Agregar Etiqueta
Sin Etiquetas, Sea el primero en etiquetar este registro!
|
| LEADER | 00807nam a22002415a 4500 | ||
|---|---|---|---|
| 001 | CEM.cems013540 | ||
| 005 | 20110527223033.0 | ||
| 008 | 130507s2009##################000#0#####d | ||
| 003 | CEMS | ||
| 020 | |a 9789876141789 | ||
| 082 | 0 | 4 | |a 320.982 |
| 100 | 1 | |a Suriano, Juan | |
| 245 | 1 | 0 | |a Auge y caída del anarquismo : |b argentina 1880-1930 / |c Juan Suriano |
| 260 | |a Buenos Aires : |b Capital Intelectual, |c 2009 | ||
| 300 | |a 112 p. | ||
| 490 | 0 | |a Claves de la historia, No. 2 | |
| 505 | 0 | |a Cap. 1: El arraigo anarquista -- Cap. 2: El proyecto cultural alternativo -- Cap. 3: El declive.- | |
| 653 | |a Anarquismo | ||
| 653 | |a Política | ||
| 653 | |a Política argentina | ||
| 653 | |a Historia argentina | ||
| 653 | |a Historia política argentina | ||
| 859 | |a CEMS |b BIB. CEMS - 11 de abril |h 320.982 |i Su77 |p 26160.11 |t Ej.1 | ||
